000 00625nam a22002057a 4500
005 20180701120921.0
010 _aB-168658
020 _a8178088541
035 _aB-168658
037 _bPearson
082 _a155.4
100 _aBerk,E.Laura
245 _aChild development
_cE.Laura Berk
250 _a6th ed.
260 _aDelhi
_bPearson
_c2005
270 _aIndian Branch, 482 F.I.E. Patparganj, Delhi-110092
_bDelhi
_e110092
300 _a707p.28cm(pb)
_c28cm(pb)
942 _2ddc
_cEN
_h155.4
_mBER
999 _c153052
_d153052